000 00620nam a2200217Ia 4500
003 GCL
008 140319s9999 xx 000 0 ara d
040 _aGCL /
_cGCL
082 0 4 _a649.1
_bا ا
100 1 _aاحمد السعيد يونس
245 1 0 _aاسرار الطفولة /
_cاحمد السعيد يونس
260 _a[S.N] :
_bدائرة الاعلام
490 _a
650 0 4 _aالاطفال
650 0 4 _aامراض الاغذية
650 0 4 _aالرعاية
650 0 4 _aالعناية الصحية
650 0 4 _aالاطفال الرضع
650 0 4 _aلبن الام
942 _2ddc
_cBK
999 _c31443
_d31443